000 00269nam a2200121 a 4500
008 101026s1967|||| d
100 1 _aMcCarthyová, Mary
245 1 0 _aSkupina
041 _aslo
044 _axo
_cSK
260 _bSmena
_aBratislava
_c1967
020 _c21
999 _c12270
_d12270